000 00873nam a2200217Ia 4500
001 14396
005 20260409163739.0
008 260306t2012||||xx |||||||||||||| ||spa||
041 _aESP
082 _a512.5
_bV23
100 _aValle Sotelo, Juan Carlos del
_eAUT
245 0 _aÁlgebra lineal:
_bpara estudiantes de ingeniería y ciencias
260 _c2012
300 _a1123 páginas :
_c27 cm.
650 _aGEN
654 _aCMA
856 _uhttps://itmsp.museknowledge.com/UCSP?url=https://www.ebooks7-24.com:443/?il=347&pg=1
_zVersión digital (2011)
856 _uhttps://0u213vtc4-y-https-ebooks7--24-com.itmsp.museknowledge.com/biblioteca.aspx
_zVéase además: Base de datos Ebook7-24
856 _uhttps://0u20fvtc6-y-https-research-ebsco-com.itmsp.museknowledge.com/c/qxo6us/search
_zVéase además: Base de datos EBSCOhost
942 _cLIB
_dJUS
_fJUS
_2ddc
999 _c14396
_d14396